[Event "Druzynowe Mistrzostwa Polski Juniorow 2019 - II Liga"]
[Site "Szczyrk"]
[Date "1899-12-30"]
[Round "8.89"]
[White "Michalska, Aleksandra"]
[Black "Mirowska, Oliwia"]
[Result "1/2-1/2"]
[WhiteTitle "I++"]
[BlackTitle "I++"]
[WhiteElo "1741"]
[BlackElo "1735"]

1. e4 c5 2. c4 Nc6 3. Nc3 g6 4. Nf3 e5 5. Be2 Bg7 6. h3 Nge7 7. d3 O-O 8. O-O d6
9. Bg5 f6 10. Be3 h6 11. a3 a5 12. Rb1 f5 13. Qc1 f4 14. Bd2 Kh7 15. Nd5 Be6 16.
b4 axb4 17. axb4 b6 18. Qb2 g5 19. b5 Nd4 20. Nxd4 exd4 21. Nxe7 Qxe7 22. Bf3
Be5 23. Ra1 Qg7 24. Rxa8 Rxa8 25. Ra1 Rg8 26. Bg4 Bxg4 27. hxg4 f3 28. Qc2 Qf6
29. Qd1 fxg2 30. Kxg2 h5 31. gxh5 g4 32. Qe2 Bf4 1/2-1/2

[Event "Druzynowe Mistrzostwa Polski Juniorow 2019 - II Liga"]
[Site "Szczyrk"]
[Date "1899-12-30"]
[Round "8.90"]
[White "Hals, Emilia"]
[Black "Dzierzgowska, Jagoda"]
[Result "1-0"]
[WhiteTitle "I"]
[BlackTitle "II+"]
[WhiteElo "1346"]
[BlackElo "1000"]

1. e4 e6 2. d3 d5 3. Nd2 c5 4. g3 Nc6 5. Bg2 Be7 6. Ngf3 Bd7 7. O-O dxe4 8. dxe4
Nf6 9. e5 Nd5 10. Ne4 h6 11. c4 Nb6 12. b3 f6 13. Nd6+ Bxd6 14. Qxd6 fxe5 15.
Qxc5 Qe7 16. Ba3 Qxc5 17. Bxc5 g5 18. Rfe1 O-O-O 19. Nxe5 Nxe5 20. Rxe5 Rhe8 21.
Rae1 Kb8 22. Bh3 Ka8 23. Bxe6 Bc6 24. Bxb6 axb6 25. Bd5 Rxe5 26. Rxe5 Bd7 27.
Kg2 Ka7 28. Re7 h5 29. Re5 h4 30. Rxg5 h3+ 31. Kf3 Rf8+ 32. Ke3 Re8+ 33. Be4 Bc6
34. f3 Ka8 35. b4 Ka7 36. b5 Bxe4 37. fxe4 Rf8 38. Rh5 Rc8 39. Kd4 Rd8+ 40. Kc3
Re8 41. e5 Re7 42. a4 Re8 43. Kb4 Re6 44. a5 bxa5+ 45. Kxa5 b6+ 46. Kb4 Re7 47.
c5 Re6 48. c6 Kb8 49. Kc4 Re8 50. Kd5 Rd8+ 51. Ke6 Kc8 52. Ke7 Rg8 53. e6 Rd8
54. Kf7 Kc7 55. e7 Ra8 56. e8=Q Rxe8 57. Kxe8 Kb8 58. Rh7 Kc8 59. c7 Kb7 60. Kd8
Ka7 61. c8=Q# 1-0

[Event "Druzynowe Mistrzostwa Polski Juniorow 2019 - II Liga"]
[Site "Szczyrk"]
[Date "1899-12-30"]
[Round "8.91"]
[White "Strzelecki, Maciej"]
[Black "Majdanski, Maksymilian"]
[Result "1/2-1/2"]
[WhiteTitle "k"]
[BlackTitle "I"]
[WhiteElo "1955"]
[BlackElo "1767"]

1. e4 e5 2. Nf3 Nc6 3. Bb5 a6 4. Ba4 Nf6 5. O-O Be7 6. d3 b5 7. Bb3 O-O 8. Nc3
d6 9. a3 Bg4 10. Be3 Nd4 11. Bxd4 exd4 12. Nd5 Nxd5 13. Bxd5 Rb8 14. h3 Bxf3 15.
Qxf3 Qd7 16. Rae1 c6 17. Ba2 Rbe8 18. Qg3 Kh8 19. f4 f5 20. c3 dxc3 21. bxc3 d5
22. exd5 cxd5 23. d4 Bxa3 24. Re5 Rxe5 25. fxe5 g6 26. c4 dxc4 27. Qxa3 Qxd4+
28. Kh1 Re8 29. e6 Qe5 30. Qxa6 Rxe6 31. Qa8+ Re8 32. Qa5 f4 33. Rb1 f3 34. gxf3
Qg3 35. Qc3+ Re5 36. Rb2 b4 37. Rxb4 Qxh3+ 38. Rb2 1/2-1/2

[Event "Druzynowe Mistrzostwa Polski Juniorow 2019 - II Liga"]
[Site "Szczyrk"]
[Date "1899-12-30"]
[Round "8.92"]
[White "Ksiazkiewicz, Michal"]
[Black "Guzik, Natalia"]
[Result "0-1"]
[WhiteTitle "III"]
[BlackTitle "I++"]
[WhiteElo "1000"]
[BlackElo "1638"]

1. e4 c5 2. Nf3 d6 3. d4 cxd4 4. Nxd4 Nf6 5. Nc3 g6 6. Be3 Bg7 7. Be2 O-O 8. O-O
Nc6 9. Kh1 Bd7 10. f4 Nxd4 11. Bxd4 Bc6 12. Bf3 b5 13. e5 Bxf3 14. Qxf3 dxe5 15.
Bxe5 b4 16. Ne4 Qb6 17. Rad1 Qe6 18. Nxf6+ Bxf6 19. Qd5 Qa6 20. Bxf6 Qxf6 21.
Qd4 Qxd4 22. Rxd4 Rac8 23. Rf2 Rfd8 24. Rxd8+ Rxd8 25. h3 Rd1+ 26. Kh2 Ra1 27.
Rf3 Rxa2 28. Rb3 a5 29. g3 Kg7 30. Kg2 Ra1 31. Re3 Rc1 32. Re2 a4 33. c3 b3 34.
Kf3 Rc2 35. Re1 Rxb2 36. Ra1 Ra2 37. Rc1 b2 38. Rb1 a3 39. Ke3 Ra1 40. Rxa1 bxa1=Q
0-1

[Event "Druzynowe Mistrzostwa Polski Juniorow 2019 - II Liga"]
[Site "Szczyrk"]
[Date "1899-12-30"]
[Round "8.93"]
[White "Wojtasik, Szymon"]
[Black "Kowalski, Kacper"]
[Result "0-1"]
[WhiteTitle "II"]
[BlackTitle "II"]
[WhiteElo "1511"]
[BlackElo "1317"]

1. e4 e5 2. Nf3 Nc6 3. d4 exd4 4. Nxd4 Nf6 5. Nxc6 bxc6 6. e5 Nd5 7. c4 Nb6 8.
Bd3 d5 9. exd6 cxd6 10. O-O Be7 11. Nc3 O-O 12. Bf4 Bf6 13. Bxd6 Re8 14. c5 Bxc3
15. bxc3 Nd5 16. Bc4 Be6 17. Qd4 Qg5 18. f4 Qg6 19. Rae1 Qc2 20. Rc1 Qg6 21. Rfe1
Ne7 22. Bxe7 Rxe7 23. Bd3 f5 24. Bc4 Rae8 25. Rxe6 Rxe6 26. Re1 Kf8 27. Bxe6 Rxe6
28. Qd8+ Qe8 29. Qxe8+ Rxe8 30. Rxe8+ Kxe8 31. Kf2 Ke7 32. Ke3 Ke6 33. Kd4 h6
34. g3 g6 35. Kc4 g5 36. fxg5 hxg5 37. h4 f4 38. h5 fxg3 39. h6 Kf6 40. Kd3 g2
41. h7 Kg7 42. Kc4 g1=Q 0-1

[Event "Druzynowe Mistrzostwa Polski Juniorow 2019 - II Liga"]
[Site "Szczyrk"]
[Date "1899-12-30"]
[Round "8.94"]
[White "Tarawski, Adrian"]
[Black "Chrobot, Tomasz"]
[Result "1/2-1/2"]
[WhiteTitle "II+"]
[BlackTitle "III"]
[WhiteElo "1562"]
[BlackElo "1246"]

1. d4 c5 2. d5 e5 3. e4 d6 4. Nf3 g6 5. Nc3 Bg7 6. Bb5+ Nd7 7. a4 a6 8. Bd3 Ngf6
9. O-O O-O 10. Nd2 Ne8 11. Nc4 Nb6 12. f4 Nxc4 13. Bxc4 f5 14. Ra2 b6 15. exf5
Bxf5 16. Bd3 Bxd3 17. Qxd3 Nc7 18. Ra3 Qd7 19. Rb3 Rab8 20. Ra3 Rf7 21. Ne2 Rbf8
22. c4 a5 23. Qe4 g5 24. Rh3 h6 25. f5 Rxf5 26. Rxf5 Qxf5 27. Qxf5 Rxf5 28. Rb3
Na8 29. Ng3 Rf8 30. Ne4 Rd8 31. Kf2 Kf7 32. g4 Kg6 33. Kg3 Bf6 34. h3 Be7 35.
Kg2 Rf8 36. Rb5 Kf7 37. Ng3 Rg8 38. Nf5 Bf8 39. Ng3 Ke7 40. Rb3 Bg7 41. Nf5+ Kd7
42. Nxg7 Rxg7 43. Rf3 Ke7 44. Kg3 Rf7 45. h4 Rxf3+ 46. Kxf3 Kf6 47. h5 Nc7 48.
Ke4 Ne8 49. Bd2 1/2-1/2

[Event "Druzynowe Mistrzostwa Polski Juniorow 2019 - II Liga"]
[Site "Szczyrk"]
[Date "1899-12-30"]
[Round "8.95"]
[White "Matyjasek, Michalina"]
[Black "Zalucka, Emilia"]
[Result "0-1"]
[WhiteTitle "I"]
[BlackTitle "I"]
[WhiteElo "1323"]
[BlackElo "1440"]

1. d4 d5 2. c4 e6 3. Nf3 Nf6 4. e3 Be7 5. b3 b6 6. Bd3 Bb7 7. O-O O-O 8. Bb2 Nbd7
9. Nc3 c5 10. Qe2 Ne4 11. Rfd1 f5 12. Rac1 Bf6 13. cxd5 exd5 14. dxc5 bxc5 15.
Bb1 Nxc3 16. Bxc3 Bxc3 17. Rxc3 Qf6 18. Rcc1 a5 19. Bd3 Rfc8 20. Nd2 Nb6 21. Nb1
a4 22. Nc3 axb3 23. axb3 Ra3 24. Rb1 Qxc3 25. Bxf5 Rf8 26. Qh5 h6 27. Be6+ Kh8
28. Qe2 Rxb3 29. Rdc1 Qb4 30. Rxb3 Qxb3 31. Rxc5 Qa3 32. Qc2 Qa1+ 33. Qc1 Qf6
34. Rb5 Qxf2+ 35. Kh1 Qf1+ 36. Qxf1 Rxf1# 0-1

[Event "Druzynowe Mistrzostwa Polski Juniorow 2019 - II Liga"]
[Site "Szczyrk"]
[Date "1899-12-30"]
[Round "8.96"]
[White "Ziobrowska, Maja"]
[Black "Zajac, Aleksandra"]
[Result "1-0"]
[WhiteTitle "I"]
[BlackTitle "II"]
[WhiteElo "1491"]
[BlackElo "1136"]

1. e4 c6 2. d4 d5 3. exd5 cxd5 4. Bf4 Nc6 5. Nf3 g6 6. Qd2 Bg7 7. c4 e6 8. cxd5
Qxd5 9. Nc3 Qd8 10. Rd1 a6 11. d5 Nce7 12. Bc4 Nf6 13. dxe6 Qxd2+ 14. Rxd2 Bxe6
15. Bxe6 fxe6 16. Ng5 h6 17. Nxe6 Kf7 18. Nxg7 Kxg7 19. Be5 Rhd8 20. Ne4 Neg8
21. Ke2 Rxd2+ 22. Nxd2 Kf7 23. f4 Re8 24. Nc4 Ne4 25. Kf3 Ngf6 26. Re1 b5 27.
Bxf6 Nd2+ 28. Nxd2 Rxe1 29. Bc3 Re8 30. Ne4 Ra8 31. g4 Ke7 32. h4 Kf7 33. h5 gxh5
34. gxh5 Rd8 35. Nc5 Rd6 36. Kg4 Rc6 37. Ne4 Kg8 38. Nf6+ Kf7 39. Nd5 Ke6 40.
Nb4 Rd6 41. Be5 Rd2 42. Nxa6 Rg2+ 43. Kh3 Rg1 44. Kh2 Rg4 45. Kh3 Kf5 46. Nc7
b4 47. Nd5 b3 48. Ne3+ 1-0

[Event "Druzynowe Mistrzostwa Polski Juniorow 2019 - II Liga"]
[Site "Szczyrk"]
[Date "1899-12-30"]
[Round "8.97"]
[White "Gazda, Dominik"]
[Black "Niemier, Hubert"]
[Result "1-0"]
[WhiteTitle "I"]
[BlackTitle "I"]
[WhiteElo "1624"]
[BlackElo "1764"]

1. e4 c5 2. Nf3 e6 3. d4 cxd4 4. Nxd4 Nf6 5. Bd3 d6 6. c4 Be7 7. Nc3 a6 8. Be3
Qc7 9. O-O O-O 10. Rc1 b6 11. b3 Bb7 12. Bb1 Nbd7 13. f4 Nc5 14. Qf3 e5 15. Nf5
exf4 16. Bxf4 Rfe8 17. Nd5 Bxd5 18. exd5 Bf8 19. Rce1 Rxe1 20. Rxe1 Re8 21. Rxe8
Nxe8 22. Qg3 Kh8 23. Bg5 f6 24. Qe3 Qf7 25. Bf4 g6 26. Nd4 Nc7 27. b4 Nd7 28.
Ne6 Ne5 29. Nxf8 Qxf8 30. Qxb6 Qe7 31. Qd4 Ng4 32. Bg3 Ne5 33. a4 Kg7 34. h3 Qd7
35. Bc2 Kf7 36. Bb3 Qf5 37. Qa7 Qb1+ 38. Kh2 Qxb3 39. Qxc7+ Kg8 40. Qd8+ Kg7 41.
Qe7+ Nf7 42. Bxd6 Qxc4 43. Qf8# 1-0

[Event "Druzynowe Mistrzostwa Polski Juniorow 2019 - II Liga"]
[Site "Szczyrk"]
[Date "1899-12-30"]
[Round "8.98"]
[White "Chaczynski, Kamil"]
[Black "Jaszczuk, Mateusz"]
[Result "1-0"]
[WhiteTitle "I"]
[BlackTitle "I"]
[WhiteElo "1738"]
[BlackElo "1508"]

1. e4 c5 2. Nf3 Nc6 3. Bb5 e6 4. O-O Nge7 5. d4 cxd4 6. Nxd4 a6 7. Nxc6 Nxc6 8.
Bxc6 bxc6 9. c4 Be7 10. Nc3 O-O 11. Be3 Bb7 12. Qg4 d5 13. cxd5 cxd5 14. exd5
Bxd5 15. Rfd1 Bf6 16. Bd4 Rc8 17. Rac1 Bxd4 18. Rxd4 Qb6 19. Rd2 Rc4 20. Qe2 Rfc8
21. Rcd1 Bb7 22. Qxc4 g6 23. Qe2 1-0

[Event "Druzynowe Mistrzostwa Polski Juniorow 2019 - II Liga"]
[Site "Szczyrk"]
[Date "1899-12-30"]
[Round "8.99"]
[White "Guzik, Michal"]
[Black "Skrzypinski, Jan"]
[Result "0-1"]
[WhiteTitle "II"]
[BlackTitle "I"]
[WhiteElo "1084"]
[BlackElo "1400"]

1. e4 c5 2. Nf3 d6 3. d4 cxd4 4. Nxd4 Nf6 5. Nc3 a6 6. Rg1 e5 7. Nb3 Be6 8. g4
d5 9. Bg5 d4 10. Ne2 Nbd7 11. h3 h6 12. Bxf6 Nxf6 13. Ng3 Bb4+ 14. Nd2 Qb6 15.
Rb1 Qc6 16. Bd3 Rc8 17. f3 Bxa2 18. Ra1 Be6 19. Nf5 Kf8 20. Qe2 g6 21. Nh4 g5
22. Nf5 Bxf5 23. gxf5 Nh5 24. Kf1 Nf4 25. Qh2 Nxd3 26. cxd3 Qc2 27. Rg2 Qxd3+
28. Kg1 f6 0-1

[Event "Druzynowe Mistrzostwa Polski Juniorow 2019 - II Liga"]
[Site "Szczyrk"]
[Date "1899-12-30"]
[Round "8.100"]
[White "Kaczmarek, Jan"]
[Black "Mansz, Martyna"]
[Result "1-0"]
[WhiteTitle "II"]
[BlackTitle "I"]
[WhiteElo "1000"]
[BlackElo "1091"]

1. d4 d5 2. c4 dxc4 3. e3 Nf6 4. Bxc4 a6 5. Ne2 b5 6. Bd3 e6 7. O-O Be7 8. Bd2
Bb7 9. a3 e5 10. Bc2 Qd5 11. f3 O-O 12. Nbc3 Qe6 13. Rc1 exd4 14. Nxd4 Qd7 15.
Nce2 c5 16. Nf5 Bd8 17. e4 Bb6 18. Bc3 c4+ 19. Kh1 Qe6 20. Qe1 Bc7 21. Qh4 Nbd7
22. Qg5 g6 23. Rfd1 Ne5 24. h3 1-0

[Event "Druzynowe Mistrzostwa Polski Juniorow 2019 - II Liga"]
[Site "Szczyrk"]
[Date "1899-12-30"]
[Round "8.101"]
[White "Wojtas, Emilia"]
[Black "Niemier, Martyna"]
[Result "0-1"]
[WhiteTitle "II"]
[BlackTitle "II"]
[WhiteElo "1088"]
[BlackElo "1163"]

1. e4 e6 2. d4 d5 3. Nc3 Nf6 4. e5 Nfd7 5. Nf3 c5 6. Bg5 Be7 7. h4 a6 8. g4 Nc6
9. Ne2 cxd4 10. Nexd4 Ndxe5 11. Nxe5 Nxe5 12. f4 Bxg5 13. hxg5 Ng6 14. f5 exf5
15. gxf5 Qe7+ 16. Qe2 Qxe2+ 17. Bxe2 Ne7 18. Bd3 Nc6 19. c3 Ne5 20. Kd2 Nxd3 21.
Kxd3 Kd7 22. Rae1 Kd6 23. f6 gxf6 24. gxf6 Be6 25. Nf3 Rag8 26. Reg1 Rxg1 27.
Rxg1 h5 28. Nh4 Rh6 29. Rf1 Ke5 30. Nf3+ Kxf6 31. Nd4+ Ke5 32. Nf3+ Kd6 0-1

[Event "Druzynowe Mistrzostwa Polski Juniorow 2019 - II Liga"]
[Site "Szczyrk"]
[Date "1899-12-30"]
[Round "8.102"]
[White "Gac-mytych, Sara"]
[Black "Uliasz, Katarzyna"]
[Result "0-1"]
[WhiteTitle "II"]
[BlackTitle "I"]
[WhiteElo "1043"]
[BlackElo "1333"]

1. e4 c5 2. Nc3 d6 3. g3 Nc6 4. Bg2 Nf6 5. f4 g6 6. Nf3 Bg7 7. d3 O-O 8. Qe2 Nd4
9. Nxd4 cxd4 10. Nd1 Bg4 11. Qd2 Qc7 12. Nf2 Rac8 13. Nxg4 Nxg4 14. Bh3 h5 15.
Bxg4 hxg4 16. h3 gxh3 17. f5 Qxc2 18. Rxh3 Qxd2+ 19. Bxd2 Rc2 20. b3 Rfc8 21.
fxg6 fxg6 22. Rh4 Rb2 23. Rc1 Rxc1+ 24. Bxc1 Rxa2 25. Rg4 Kf7 26. Rf4+ Bf6 27.
g4 Kg7 28. Rf3 Rg2 29. g5 Bxg5 30. Bxg5 Rxg5 31. Rf2 Rg1+ 32. Ke2 Rb1 33. b4 Rxb4
34. Rf3 Rb2+ 35. Kd1 a5 36. Kc1 Rb3 37. Kc2 a4 38. Rf1 b5 39. e5 dxe5 40. Ra1
g5 41. Rg1 Kg6 0-1

[Event "Druzynowe Mistrzostwa Polski Juniorow 2019 - II Liga"]
[Site "Szczyrk"]
[Date "1899-12-30"]
[Round "8.103"]
[White "Stachowicz, Hubert"]
[Black "Laszczak, Przemyslaw"]
[Result "0-1"]
[WhiteTitle "III"]
[BlackTitle "k"]
[WhiteElo "1092"]
[BlackElo "1942"]

1. d4 d5 2. c4 c6 3. Nc3 Nf6 4. Nf3 e6 5. e3 Nbd7 6. Bd3 dxc4 7. Bxc4 b5 8. Bd3
a6 9. O-O Bb7 10. Re1 c5 11. b3 Rc8 12. Bb2 cxd4 13. Nxd4 Bb4 14. Rc1 Qa5 15.
Nde2 Nd5 16. Qc2 Bxc3 17. Nxc3 b4 18. Bc4 bxc3 19. Bxc3 Nxc3 20. Qxc3 Qxc3 21.
Rxc3 Ne5 22. Rec1 O-O 23. f4 Nxc4 24. Rxc4 Rxc4 25. Rxc4 Rc8 26. Rxc8+ Bxc8 27.
b4 Bb7 28. Kf2 Kf8 29. g3 Ke7 30. Ke2 Be4 31. Kd2 Kd6 32. Kc3 Kd5 33. a3 h5 34.
h3 Bg2 35. Kd3 Bf1+ 36. Kc3 Bxh3 37. a4 Bf1 38. a5 Ke4 39. Kd2 Bb5 0-1

[Event "Druzynowe Mistrzostwa Polski Juniorow 2019 - II Liga"]
[Site "Szczyrk"]
[Date "1899-12-30"]
[Round "8.104"]
[White "Czarnomski, Dominik"]
[Black "Bartlomowicz, Jakub"]
[Result "1-0"]
[WhiteTitle "II+"]
[BlackTitle "II+"]
[WhiteElo "1541"]
[BlackElo "1633"]

1. e4 c5 2. Nf3 Nc6 3. Bb5 g6 4. Bxc6 dxc6 5. d3 Bg7 6. h3 Nf6 7. O-O O-O 8. Nc3
Re8 9. Be3 b6 10. Qd2 e5 11. Nh2 Ba6 12. f4 exf4 13. Rxf4 Qe7 14. Raf1 c4 15.
d4 Rf8 16. e5 Nd5 17. Nxd5 cxd5 18. c3 Bc8 19. R4f2 Bf5 20. Bg5 Qe6 21. Bh6 b5
22. Bxg7 Kxg7 23. g4 Bd3 24. Rf6 Bxf1 25. Rxe6 fxe6 26. Nxf1 Rf7 27. Qe3 Raf8
28. Nd2 Rf2 29. Qxf2 Rxf2 30. Kxf2 g5 31. Kg3 h6 32. h4 Kg6 33. hxg5 hxg5 34.
Kf2 Kh6 35. Ke1 Kg6 36. Kd1 Kh6 37. Kc2 Kg6 38. b3 a5 39. bxc4 dxc4 40. a3 a4
41. Ne4 Kh6 42. Nd6 1-0

[Event "Druzynowe Mistrzostwa Polski Juniorow 2019 - II Liga"]
[Site "Szczyrk"]
[Date "1899-12-30"]
[Round "8.105"]
[White "Babiarz, Arkadiusz"]
[Black "Krawczak, Patryk"]
[Result "1-0"]
[WhiteTitle "I++"]
[BlackTitle "II"]
[WhiteElo "1833"]
[BlackElo "1117"]

1. e4 c5 2. c3 d5 3. exd5 Qxd5 4. Na3 a6 5. Nc4 Qc6 6. Nf3 Bg4 7. Be2 Nd7 8. O-O
Ngf6 9. d4 e6 10. h3 Bh5 11. Bf4 Nd5 12. Bh2 Be7 13. Qd2 Bg6 14. Nfe5 Nxe5 15.
Nxe5 Qb6 16. Bf3 Nf6 17. dxc5 Bxc5 18. b4 Be7 19. Nc4 Qb5 20. Na5 Rd8 21. Qb2
Ne4 22. a4 Qb6 23. Rad1 O-O 24. Be5 f6 25. Bd4 Qc7 26. Rfe1 f5 27. Qb3 Qc8 28.
Bxe4 fxe4 29. c4 Rf5 30. Qc3 Bf6 31. Bxf6 Rxf6 32. c5 Rxd1 33. Rxd1 b6 34. Nc4
bxc5 35. Nb6 Qc7 36. bxc5 Rf5 37. Rd7 Qc6 38. Qxg7# 1-0

[Event "Druzynowe Mistrzostwa Polski Juniorow 2019 - II Liga"]
[Site "Szczyrk"]
[Date "1899-12-30"]
[Round "8.106"]
[White "Olszewski, Antoni"]
[Black "Jemiola, Jeremi"]
[Result "1-0"]
[WhiteTitle "II"]
[BlackTitle "III"]
[WhiteElo "1380"]
[BlackElo "1000"]

1. e4 e5 2. Nf3 Nc6 3. Bb5 a6 4. Ba4 Bc5 5. O-O d6 6. c3 b5 7. Bb3 Nf6 8. d4 exd4
9. cxd4 Bb4 10. Qc2 Bd7 11. Bg5 O-O 12. Bd5 h6 13. Bxf6 Qxf6 14. Bxc6 Bxc6 15.
Qxc6 Ba5 16. Nc3 Rfe8 17. b4 Bxb4 18. Nd5 Qd8 19. Nxb4 Qc8 20. Rfe1 Qd8 21. Nd5
Ra7 22. Rac1 Qb8 23. e5 Rd8 24. Nxc7 dxe5 25. Rxe5 Kf8 26. Qc5+ Kg8 27. Re8+ Rxe8
28. Nxe8 Rd7 29. Qc8 Rd8 30. Qxb8 Rxb8 31. Nd6 Rd8 32. Rc8 Rxc8 33. Nxc8 Kf8 34.
Kf1 Ke8 35. Ke2 Kd7 36. Na7 Kc7 37. d5 b4 38. Nc6 Kd6 39. Nxb4 a5 40. Nc6 a4 41.
Nb4 Kc5 42. Kd3 f6 43. a3 g5 44. Nd2 h5 45. Ne4+ Kb6 46. Nxf6 h4 47. Kd4 Kc7 48.
Kc5 Kd8 49. d6 Kc8 50. d7+ Kd8 51. Kd6 h3 52. Nc6# 1-0

[Event "Druzynowe Mistrzostwa Polski Juniorow 2019 - II Liga"]
[Site "Szczyrk"]
[Date "1899-12-30"]
[Round "8.107"]
[White "Polak, Sylwia"]
[Black "Nowacka, Dorota"]
[Result "1-0"]
[WhiteTitle "I+"]
[BlackTitle "I+"]
[WhiteElo "1533"]
[BlackElo "1576"]

1. d4 e6 2. c4 Nf6 3. Nc3 Bb4 4. Nf3 O-O 5. e3 c5 6. Bd3 b6 7. Qc2 Bb7 8. e4 d5
9. e5 Ne4 10. O-O cxd4 11. Nxe4 dxe4 12. Bxe4 d3 13. Qxd3 Qxd3 14. Bxd3 Rd8 15.
Rd1 Nd7 16. Bf4 Nc5 17. Bc2 Ne4 18. Be3 h6 19. a3 Be7 20. Nd4 Rac8 21. f3 Ng5
22. Bd3 Rd7 23. h4 Nh7 24. Nxe6 Rxd3 25. Rxd3 Bxh4 26. Rd7 Bxf3 27. gxf3 fxe6
28. Rc1 Ng5 29. Kg2 Nf7 30. f4 g5 31. Rxa7 1-0

[Event "Druzynowe Mistrzostwa Polski Juniorow 2019 - II Liga"]
[Site "Szczyrk"]
[Date "1899-12-30"]
[Round "8.108"]
[White "Zalewska, Malgorzata"]
[Black "Krzanowska, Liliana"]
[Result "1-0"]
[WhiteTitle "I"]
[BlackTitle "I"]
[WhiteElo "1000"]
[BlackElo "1192"]

1. e4 c5 2. Nc3 d6 3. g3 Nf6 4. Bg2 g6 5. d3 Bg7 6. h3 O-O 7. Be3 Nc6 8. Nge2 Bd7
9. O-O Rb8 10. a4 a6 11. Qd2 b5 12. axb5 axb5 13. f4 b4 14. Nd1 Ne8 15. f5 Qc8
16. g4 Nc7 17. Ng3 Nb5 18. g5 Be5 19. Bf4 Bd4+ 20. Kh1 Ra8 21. Rxa8 Qxa8 22. Be3
Be5 23. Rf3 Ncd4 24. Bxd4 Nxd4 25. Re3 Bf4 26. Qf2 Bxe3 27. Nxe3 Qa1+ 28. Kh2
Qxb2 29. f6 Re8 30. Qf4 Nxc2 31. Nxc2 Qxc2 32. Qh4 exf6 33. gxf6 Re6 34. e5 dxe5
35. Ne4 Rxf6 36. Nxf6+ Kg7 37. Nxd7 b3 38. Qf6+ Kh6 39. Qh4+ Kg7 40. Qf6+ Kh6
41. Qh4+ Kg7 42. Qf6+ Kh6 43. Nxe5 b2 44. Nxf7+ Kh5 45. Qg5# 1-0

[Event "Druzynowe Mistrzostwa Polski Juniorow 2019 - II Liga"]
[Site "Szczyrk"]
[Date "1899-12-30"]
[Round "8.109"]
[White "Drozdzal, Michal"]
[Black "Poziomkowski, Szymon"]
[Result "0-1"]
[WhiteTitle "II+"]
[BlackTitle "I"]
[WhiteElo "1447"]
[BlackElo "1816"]

1. e4 c5 2. Nc3 e6 3. f4 d5 4. Bb5+ Bd7 5. Bxd7+ Qxd7 6. d3 Nc6 7. Nf3 Nf6 8. e5
Ng4 9. O-O Be7 10. Qe1 h5 11. Qg3 O-O-O 12. Bd2 Nh6 13. a4 Nf5 14. Qf2 f6 15.
a5 Rdf8 16. Qe1 Ncd4 17. Nxd4 Nxd4 18. Qb1 fxe5 19. fxe5 Rxf1+ 20. Kxf1 Qc7 21.
a6 b6 22. Na4 Qxe5 23. Bc3 Qxh2 24. Bxd4 cxd4 25. Nxb6+ axb6 26. a7 Rf8+ 0-1

[Event "Druzynowe Mistrzostwa Polski Juniorow 2019 - II Liga"]
[Site "Szczyrk"]
[Date "1899-12-30"]
[Round "8.110"]
[White "Kartasiewicz, Igor"]
[Black "Tomkiewicz, Jakub"]
[Result "1/2-1/2"]
[WhiteTitle "II"]
[BlackTitle "II"]
[WhiteElo "1000"]
[BlackElo "1270"]

1. e4 d5 2. Nc3 d4 3. Nce2 e5 4. c3 Nc6 5. d3 Be6 6. Nf3 Bg4 7. h3 Bxf3 8. gxf3
Be7 9. f4 f6 10. Rg1 g6 11. Qb3 b6 12. f5 g5 13. Qd5 Qd7 14. h4 h6 15. h5 dxc3
16. Qxd7+ Kxd7 17. bxc3 Bc5 18. Be3 Nge7 19. Rb1 Rab8 20. Kd2 Bd6 21. Kc2 Na5
22. Kd1 c5 23. Nc1 Nec6 24. Nb3 Ke7 25. Rg2 Nxb3 26. Rxb3 Na5 27. Rb1 Rbc8 28.
c4 Nc6 29. a3 Nd4 30. Be2 Rc7 31. a4 Nc6 32. Bd2 Rb8 33. Rg1 Rcb7 34. Kc2 Nd4+
35. Kd1 a6 36. Be3 Kd7 37. Kd2 b5 38. Bxd4 exd4 39. cxb5 axb5 40. axb5 Rxb5 41.
Kc2 Rxb1 42. Rxb1 Rxb1 43. Kxb1 Bh2 44. Kb2 Kd6 45. Kb3 Bg1 46. f3 Bf2 47. Bf1
Bg3 48. Kc4 Kc6 49. Kb3 Kb5 50. Ka3 Be1 51. Kb3 Bb4 52. Be2 Kb6 53. Kc4 Kc6 54.
Bf1 Ba5 55. Be2 Bc7 56. Bf1 Ba5 57. Be2 1/2-1/2

[Event "Druzynowe Mistrzostwa Polski Juniorow 2019 - II Liga"]
[Site "Szczyrk"]
[Date "1899-12-30"]
[Round "8.111"]
[White "Futyma, Dawid"]
[Black "Cwiek, Ryszard"]
[Result "0-1"]
[WhiteTitle "II"]
[BlackTitle "I"]
[WhiteElo "1073"]
[BlackElo "1728"]

1. d4 d6 2. e4 Nf6 3. Bd3 g6 4. c4 Bg7 5. Nc3 Nbd7 6. Nf3 O-O 7. O-O e5 8. d5 h6
9. Be3 Ne8 10. Rc1 f5 11. b4 f4 12. Bd2 g5 13. h3 Ndf6 14. Nh2 Qe7 15. Be2 Qf7
16. c5 h5 17. f3 Qg6 18. cxd6 cxd6 19. Nb5 Kh7 20. Nc7 Nxc7 21. Rxc7 Ne8 22. Rc1
Bd7 23. b5 Bf6 24. g4 fxg3 25. Ng4 hxg4 26. fxg4 Kg7 27. Kg2 Rc8 28. Bf3 Rxc1
29. Qxc1 Bxb5 30. Re1 Bd7 31. Kxg3 Bd8 32. Rf1 Bb5 33. Rf2 Bb6 34. Be3 Bxe3 35.
Qxe3 b6 36. Qa3 Qf7 37. Qe3 Qf4+ 38. Qxf4 exf4+ 39. Kg2 Nf6 40. Rb2 Bd3 41. Rb4
Re8 0-1

[Event "Druzynowe Mistrzostwa Polski Juniorow 2019 - II Liga"]
[Site "Szczyrk"]
[Date "1899-12-30"]
[Round "8.112"]
[White "Cwiek, Stefan"]
[Black "Tomkiewicz, Szymon"]
[Result "1/2-1/2"]
[WhiteTitle "II"]
[BlackTitle "II"]
[WhiteElo "1315"]
[BlackElo "1092"]

1. e4 e5 2. Nf3 Nc6 3. Bc4 Bc5 4. c3 Nf6 5. d4 exd4 6. cxd4 Bb4+ 7. Bd2 Bxd2+ 8.
Nbxd2 d6 9. O-O O-O 10. Re1 d5 11. Bb5 dxe4 12. Nxe4 Nxe4 13. Rxe4 Qd5 14. Bxc6
Qxc6 15. Re3 Bg4 16. Ne5 Bxd1 17. Nxc6 bxc6 18. Rxd1 Rab8 19. b3 g6 20. Re7 Rbc8
21. g3 Rfe8 22. Rxe8+ Rxe8 23. Rc1 Re6 24. Rc4 Rd6 25. Ra4 a5 26. Rxa5 Rxd4 27.
Rc5 Rd2 28. Rxc6 Rxa2 29. Rxc7 Rb2 30. Rb7 Kf8 31. b4 h5 32. h4 Ke8 33. Kg2 f6
34. b5 g5 35. hxg5 fxg5 36. Rh7 Rxb5 37. Rxh5 Kf7 38. Rh6 Kg7 39. Rc6 Rb7 40.
f4 gxf4 41. gxf4 Rb3 42. Rc5 Kf6 43. f5 Re3 1/2-1/2

[Event "Druzynowe Mistrzostwa Polski Juniorow 2019 - II Liga"]
[Site "Szczyrk"]
[Date "1899-12-30"]
[Round "8.113"]
[White "Mazurek, Maja"]
[Black "Zybrant, Sandra"]
[Result "1/2-1/2"]
[WhiteTitle "I"]
[BlackTitle "II"]
[WhiteElo "1294"]
[BlackElo "1000"]

1. d4 d5 2. c4 Bf5 3. Nc3 e6 4. Nf3 c6 5. Bg5 Nf6 6. e3 Be7 7. Bd3 Ne4 8. Bxe4
Bxe4 9. Nxe4 dxe4 10. Bxe7 Qxe7 11. Nd2 Qb4 12. Qb3 Qxb3 13. Nxb3 Nd7 14. Na5
Nb6 15. c5 Nd5 16. Nxb7 Rb8 17. Nd6+ Ke7 18. b3 f5 19. Kd2 Nf6 20. h3 g6 21. Rab1
Nd7 22. Rhc1 e5 23. a3 exd4 24. exd4 Nf6 25. Ke3 Ne8 26. Nc4 Nc7 27. Na5 Kd7 28.
b4 a6 29. Nc4 Ke6 30. Ne5 Nd5+ 31. Kd2 Rbc8 32. a4 Rhd8 33. g3 Ne7 1/2-1/2

[Event "Druzynowe Mistrzostwa Polski Juniorow 2019 - II Liga"]
[Site "Szczyrk"]
[Date "1899-12-30"]
[Round "8.114"]
[White "Mielnik, Zofia"]
[Black "Futyma, Klaudia"]
[Result "0-1"]
[WhiteTitle "IV"]
[BlackTitle "II"]
[WhiteElo "1000"]
[BlackElo "1000"]

1. e4 c5 2. Nf3 d6 3. Nc3 Nf6 4. Bc4 g6 5. d3 Bg7 6. Be3 O-O 7. O-O Nc6 8. Re1
Qb6 9. Rb1 Bd7 10. Na4 Qc7 11. g3 a6 12. Nc3 b5 13. Bb3 b4 14. Ne2 Bg4 15. Kg2
Qd7 16. Bd2 Bh3+ 17. Kg1 Qg4 18. a3 Qxf3 19. Rc1 Qg2# 0-1

[Event "Druzynowe Mistrzostwa Polski Juniorow 2019 - II Liga"]
[Site "Szczyrk"]
[Date "1899-12-30"]
[Round "8.115"]
[White "Derylo, Kamil"]
[Black "Michalowski, Patryk"]
[Result "1-0"]
[WhiteTitle "I+"]
[BlackTitle "I"]
[WhiteElo "2030"]
[BlackElo "1674"]

1. d4 Nf6 2. c4 e6 3. Nf3 d5 4. Nc3 c6 5. Bg5 Be7 6. e3 Nbd7 7. Qc2 O-O 8. O-O-O
dxc4 9. Bxc4 Nd5 10. h4 Nb4 11. Qe4 Nb6 12. Bb3 a5 13. Bc2 f5 14. Qf4 Nxc2 15.
Kxc2 a4 16. Ne5 Ra5 17. f3 Qc7 18. Bxe7 Qxe7 19. e4 Qb4 20. Qe3 c5 21. dxc5 Rxc5
22. Nd3 Nc4 23. Qxc5 1-0

[Event "Druzynowe Mistrzostwa Polski Juniorow 2019 - II Liga"]
[Site "Szczyrk"]
[Date "1899-12-30"]
[Round "8.116"]
[White "Twardowski, Jakub"]
[Black "Derylo, Adam"]
[Result "0-1"]
[WhiteTitle "III"]
[BlackTitle "I"]
[WhiteElo "1000"]
[BlackElo "1460"]

1. e4 c6 2. Nc3 d5 3. d3 dxe4 4. Nxe4 Bf5 5. Ng3 Bg6 6. Nf3 Nd7 7. d4 e6 8. Bd3
Be7 9. O-O Ngf6 10. Bg5 Qb6 11. b3 Bb4 12. Ne2 Nd5 13. Bd2 Bxd3 14. cxd3 O-O 15.
Bxb4 Nxb4 16. Re1 Rfd8 17. Qd2 Rac8 18. Qb2 Nxd3 19. Qd2 Nxe1 20. Rxe1 Nf6 21.
Rd1 c5 22. Re1 cxd4 23. Nexd4 e5 24. Rxe5 Rxd4 25. Qe2 Rdd8 26. Re7 Re8 27. Rxe8+
Rxe8 28. Qd2 Qd8 29. Qb4 Qd1+ 30. Ne1 Rxe1+ 31. Qxe1 Qxe1# 0-1